Women in love
Saved in:
| Main Author: | |
|---|---|
| Format: | Book |
| Language: | English |
| Published: |
The Viking Press
1922
|
| Tags: |
Add Tag
No Tags, Be the first to tag this record!
|
MARC
| LEADER | 00000nam a22000007a 4500 | ||
|---|---|---|---|
| 008 | 201210b ||||| |||| 00| 0 eng d | ||
| 100 | |a LAWRENCE, David Herbert | ||
| 245 | |a Women in love |c David Herbert Lawrence |g xii, 460p. | ||
| 260 | |b The Viking Press |c 1922 |h New York |i 686227 |l PR6023 .A93W88 |m Coal mines and mining – Fiction |m Midlands (England) – Fiction. |m Women – England – Fiction |m Male friendship – Fiction |m Sisters – Fiction | ||
| 942 | |a lcc |c BK |e Kuteyi M. A. |f 10/12/2020 | ||
| 952 | |0 0 |1 0 |2 lcc |4 0 |6 PR6023 A93 W88 |7 0 |9 278 |a HOL |b HOL |c LP |d 2020-12-10 |l 0 |o PR6023 .A93W88 |p 2020-2016 |r 2020-12-10 00:00:00 |w 2020-12-10 |y BK | ||
| 999 | |c 115 |d 115 | ||